Undertale AUs - Statistics

General Stats
  • This quiz has been taken 485 times
  • The average score is 11 of 30
Answer Stats
Hint Answer % Correct
Everything’s swapped Underswap
99%
Flowey’s nicer now Underfell
86%
Undertale... in SPACE!!! Outertale
77%
AU of the AU guardian Inktale
72%
AU guardian’s enemy’s AU Errortale
68%
Above two mixed together Swapfell
68%
YOLO Underfresh
66%
I often get this confused with the 3rd AU Fellswap
53%
Everything is scary Horrortale
52%
Sans kills everyone to gain LV Dusttale
50%
Positivity vs Negativity Dreamtale
46%
Chara is now... SANS? Storyshift
45%
Ballet and stuff Dancetale
43%
After genocide Aftertale
39%
Everyone’s a god now Reapertale
37%
Everyone has guns Mafiatale
35%
Megalomaniac Glitchtale
26%
Undertale... UNDERWATER? Oceantale
26%
SANESSS Underpants
24%
Flowers, flowers everywhere! Flowertale
23%
Human AU Overtale
18%
( ͡° ͜ʖ ͡°) Undertail
13%
Origin comic by zarla-s Handplates
12%
Error!Sans actually likes this AU Undernovela
12%
*slams head on table* LEGGGGGGS Mettatale
10%
I want to be the very best Trainertale
10%
This sans is possessed by Chara X-tale
10%
Everything is blue Negatale
8%
Mettaton is king Underkeep
8%
Asgore is the royal scientist Storyfell
1%
No matching quizzes found
Score Distribution
Percent of People with Each Score
Percentile by Number Answered
Your Score History
You have not taken this quiz